Systems analysis and design (Record no. 171339)

MARC details
000 -LEADER
fixed length control field 00345nam a2200145Ia 4500
008 - FIXED-LENGTH DATA ELEMENTS--GENERAL INFORMATION
fixed length control field 231217s9999 xx 000 0 und d
041 ## - LANGUAGE CODE
Language code of text/sound track or separate title English
082 ## - DEWEY DECIMAL CLASSIFICATION NUMBER
Classification number 001.61 AWA
100 ## - MAIN ENTRY--PERSONAL NAME
Personal name Awad, Elias M
245 #0 - TITLE STATEMENT
Title Systems analysis and design
250 ## - EDITION STATEMENT
Edition statement 2nd ed.
260 ## - PUBLICATION, DISTRIBUTION, ETC.
Date of publication, distribution, etc. 1997
Name of publisher, distributor, etc. Galgotia
Place of publication, distribution, etc. New Delhi
300 ## - PHYSICAL DESCRIPTION
Extent xiv+524
942 ## - ADDED ENTRY ELEMENTS (KOHA)
Koha item type Books
Holdings
Date last seen Total checkouts Full call number Accession number Price effective from Category Lost status Damaged status Department Withdrawn status Home library Current library Shelving location Entry date Vendor Grants Billdate Currency symbol Conversion rate Discount Old discount
26/01/2024   001.61 AWA 26683 26/01/2024 Books     Central Library   Central Library Central Library Central Library 12/03/2004 Publisher MCA 04/12/2005 RS 1    
26/01/2024   001.61 AWA;11 42989 26/01/2024 Books     Information Science   Central Library Central Library Central Library 08/09/2006 Publisher IS 27/08/2008 RS 1    

© For any Suggestions or Query, please contact the library staff @ librarian@pes.edu or Phone: +9180 2672 1983/ 2108.